000 00754nam a2200217Ia 4500
005 20241129105900.0
008 241129s9999||||xx |||||||||||||| ||und||
020 _a978-81-8299-560-4
037 _aTB
040 _aARTS
_bpun
_cARTS
041 _apun
_2pun
084 _aO153,3N20,LO R2
_qARTS
100 _aਸਹਿਰਾਈ, ਹਰਨਾਮ ਦਾਸ, ਚ।
_9159144
245 0 _aਲੋਹਗੜ੍ਹ
_cਸਹਿਰਾਈ, ਹਰਨਾਮ ਦਾਸ, ਚ।
260 _aਨਵੀ੍, ਭਾਰਤ
_bਨਵੀ੍ ਦਿੱਲੀ ਆਰਸੀ ਪਬਲਕਿੇਸਨ
_c2017
300 _a272ਪ੍ਰ0
365 _aINR
_b595
650 _aPunjabi Fiction
_9179734
942 _cTB
_hO153,3N20,LO R2
999 _c1226422
_d1226422